<?xml version="1.0" encoding="UTF-8"?><?xml-stylesheet type="text/xsl" href="static/style.xsl"?><OAI-PMH xmlns="http://www.openarchives.org/OAI/2.0/" xmlns:xsi="http://www.w3.org/2001/XMLSchema-instance" xsi:schemaLocation="http://www.openarchives.org/OAI/2.0/ http://www.openarchives.org/OAI/2.0/OAI-PMH.xsd"><responseDate>2026-04-27T19:52:45Z</responseDate><request verb="GetRecord" identifier="oai:uvadoc.uva.es:10324/10524" metadataPrefix="marc">https://uvadoc.uva.es/oai/request</request><GetRecord><record><header><identifier>oai:uvadoc.uva.es:10324/10524</identifier><datestamp>2021-09-06T07:39:52Z</datestamp><setSpec>com_10324_5466</setSpec><setSpec>com_10324_5186</setSpec><setSpec>com_10324_29291</setSpec><setSpec>col_10324_5479</setSpec></header><metadata><record xmlns="http://www.loc.gov/MARC21/slim" xmlns:doc="http://www.lyncode.com/xoai" xmlns:xsi="http://www.w3.org/2001/XMLSchema-instance" xmlns:dcterms="http://purl.org/dc/terms/" xsi:schemaLocation="http://www.loc.gov/MARC21/slim http://www.loc.gov/standards/marcxml/schema/MARC21slim.xsd">
<leader>00925njm 22002777a 4500</leader>
<datafield tag="042" ind1=" " ind2=" ">
<subfield code="a">dc</subfield>
</datafield>
<datafield tag="720" ind1=" " ind2=" ">
<subfield code="a">Encinas Reguero, María del Carmen</subfield>
<subfield code="e">author</subfield>
</datafield>
<datafield tag="260" ind1=" " ind2=" ">
<subfield code="c">2006</subfield>
</datafield>
<datafield tag="520" ind1=" " ind2=" ">
<subfield code="a">Llama la atención la preferencia general de Traquinias por las largas teseis narrativas, que ocupan prácticamente la cuarta parte del total de la obra. Frente a una tragedia tan peculiar, destaca Edipo Rey, que se caracteriza justo por lo contrario, a saber, el gusto por la solución dialogada frente al monólogo. La tendencia hacia lo uno o lo otro se va relacionado con una mera cuestión cronológica; sin embargo, la valoración de estos factores en su conjunto tal vez pueda llevarnos a una solución de otro tipo, centrada en la propia temática de las obras y en una cuestión que en ambas se plantea desde distintos puntos de vista. Me refiero al problema de la comunicación entre los seres bumanos.</subfield>
</datafield>
<datafield tag="520" ind1=" " ind2=" ">
<subfield code="a">It is interesting to note the prevailing preference of Trachiniae to the long narrative rheseis, which practically fill a quarter of the play. Contrasted with such a peculiar tragedy, Oedipus Tyrannus stands out. For it is characterized for being just the opposite, that is, it has a fondness of dialogue instead of monologue. The tendency towards one or the other has been related with the chronological order; however, an evaluation of the facts as a whole can perhaps lead us to a different type of solution. One which is focused on the subjects of the plays and on an issue which is raised in both from various points of view. What I am referring to is the problem of communication among human beings.</subfield>
</datafield>
<datafield tag="024" ind2=" " ind1="8">
<subfield code="a">Minerva: Revista de filología clásica, 2006, N.19, pags.9-28</subfield>
</datafield>
<datafield tag="024" ind2=" " ind1="8">
<subfield code="a">0213-9634</subfield>
</datafield>
<datafield tag="024" ind2=" " ind1="8">
<subfield code="a">2530-6480</subfield>
</datafield>
<datafield tag="024" ind2=" " ind1="8">
<subfield code="a">http://uvadoc.uva.es/handle/10324/10524</subfield>
</datafield>
<datafield tag="024" ind2=" " ind1="8">
<subfield code="a">9</subfield>
</datafield>
<datafield tag="024" ind2=" " ind1="8">
<subfield code="a">19</subfield>
</datafield>
<datafield tag="024" ind2=" " ind1="8">
<subfield code="a">28</subfield>
</datafield>
<datafield tag="024" ind2=" " ind1="8">
<subfield code="a">Minerva: Revista de filología clásica</subfield>
</datafield>
<datafield ind1=" " ind2=" " tag="653">
<subfield code="a">Filología clásica</subfield>
</datafield>
<datafield tag="245" ind1="0" ind2="0">
<subfield code="a">Forma dramática y problemas de comunicación y conocimiento en "Traquinias" y "Edipo rey"</subfield>
</datafield>
</record></metadata></record></GetRecord></OAI-PMH>